000 00869cab a2200289 4500
001 WB3106-35
008 090401t1995 xxu||||| |||| 00| 0 eng d
035 _a(Sirsi) u71991
041 _aeng
245 _aSubject to contract - who pays?
260 _c1995
350 _a0
490 _aEstates Gazette
_v(9505) 4 February 1995, 161(1)
520 _aConsiders the issue of recovery of consultants` fees, incurred during `subject to contract` negotiations which subsequently break down, using the doctrine of restitution.
650 _aCONSULTANTS FEES
650 _aCONTRACT
650 _aCOSTS
650 _aFEES
650 _aFINANCIAL LOSS
650 _aPROPERTY DEVELOPMENT
650 _aREIMBURSEMENT
650 _aRESTITUTION
650 _aSUBJECT TO CONTRACT
690 _aPROPERTY LAW AND PRACTICE
942 _n0
948 _c04/03/1997
999 _c45412
_d45412